01718cam a22002774a 4500001000800000005001700008008004100025010001700066020002800083020004800111035002100159040001800180042000800198050002100206082001900227100002400246245004300270250001200313260004100325300004300366504005100409505080100460650002101261856008501282856007301367263091120210414114028.0990414s2000 cauab bi 000 0 eng  a 99030311  a0256263310 (alk. paper) a0071169741 (International ed. : alk. paper) a(DLC) 99030311 aDLCcDLCdDLC apcc00aHT321b.O88 200000a330.9173/22211 aO'Sullivan, Arthur.10aUrban economics. /cArthur O'Sullivan. a4th ed. aBoston :bIrwin/McGraw-Hill,cc2000. axxvii, 740 p. :bill., maps ;c24 cm. aIncludes bibliographical references and index. aContents: Market forces in the development of cities: Why do cities exists? -- Where do cities develop? -- The History of western urbanization -- How many cities? -- Urban economic growth -- Land rent and urban land-use patterns: Introduction to land rent and land use -- Land use in the monocentric city - General-equilibrium land use -- Suburbanization, and modern cities -- Land-use controls and zoning -- Poverty and housing: Segregation and poverty in the central city -- Other dimensions of poverty -- Why is housing different? -- Housing policies -- Local government: Overview of local government: Voting with ballots and feet -- Local taxes and intergovernmental grants -- Urban transportation: autos and highways -- Mass transit -- Education and crime: Education -- Crime and punishment. 0aUrban economics.423Publisher descriptionuhttp://www.loc.gov/catdir/description/mh023/99030311.html413Table of contentsuhttp://www.loc.gov/catdir/toc/mh023/99030311.html